000 nam a22 7a 4500
999 _c9854
_d9854
008 180208b ||||| |||| 00| 0 eng d
100 _aJain, G
_95937
245 _aNobel prize winner for peace
260 _aNew Delhi
_bMaanu Publication
_c2012